[Event "FIDE Online-ch U18 Open 2020"]
[Site "Online"]
[Date "2020.12.19"]
[Round "2.1"]
[White "Iniyan, P."]
[Black "Sargsyan, Shant"]
[Result "1-0"]
[WhiteElo "2506"]
[BlackElo "2596"]
[Annotator "TA"]
[PlyCount "77"]
[EventDate "2020.12.19"]
[EventType "k.o."]
[EventCountry "NET"]
[SourceTitle "playchess.com"]
[Source "ChessBase"]
[SourceQuality "1"]

{[%evp 9,76,24,38,31,33,27,42,11,63,60,66,14,56,55,61,77,62,54,74,73,67,61,69,53,52,72,74,60,59,58,112,112,112,112,112,102,261,272,269,265,277,284,264,265,265,265,315,330,325,318,393,389,501,507,463,449,996,985,29989,1029,1095,1095,29996,29997,29997,29998,29998,29999,29999]} 1. e4 e5 2. Nf3 Nc6 3. Bc4 Nf6 4. d3 h6 5. c3 d6 6. h3 {C55: Two Knights: 4 d3, 4 d4 exd4 5 e5 and Max Lange Attack.} g5 7. Nbd2 {[%cal Bb1d2,Bd2f1,Bf1g3][%mdl 32]} Bg7 8. Nf1 {White is slightly better.} Ne7 (8... d5 $11 9. exd5 Nxd5) 9. Ng3 $14 {[#]} Ng6 $146 ({Predecessor:} 9... O-O 10. Bb3 Bd7 11. Be3 Qc8 12. Qd2 Ng6 13. O-O-O Be6 14. Bxe6 Qxe6 15. Kb1 d5 {1-0 (41) Hallaeva,B (2133)-Khukhashvili,S (2338) Sharjah 2018}) 10. d4 (10. O-O $14) 10... O-O (10... exd4 {seems wilder.} 11. Qb3 O-O 12. cxd4 c6 13. Bd3 Nf4) 11. dxe5 dxe5 12. Qxd8 Rxd8 13. h4 gxh4 14. Nxh4 Nf4 15. f3 Be6 16. Bxf4 exf4 17. Bxe6 fxe6 18. Ne2 e5 $1 19. Nf5 h5 (19... Rd7 $14) 20. g3 $16 fxg3 21. Nexg3 Kf7 22. Nxh5 Bf8 $2 {[#] Black cannot hold the game after this.} (22... Nxh5 $16 23. Rxh5 Rh8 24. Rxh8 Rxh8) 23. Nxf6 $18 Kxf6 24. Rh7 b5 25. Rxc7 b4 26. Ke2 bxc3 27. Rxc3 a5 28. Rc6+ Kf7 29. Rc7+ Kf6 30. Rac1 a4 31. R1c6+ Kg5 32. Ne3 Rdb8 (32... Rd6 $142 33. Rc2 Rad8) 33. Nc4 a3 34. bxa3 (34. Nxe5 $142 Be7 35. Rxe7 Rg8 36. Kf2 Raf8 37. Nf7+ Rxf7 38. Rxf7 Rg6 39. Rf5+ Kh6 40. Rxg6+ Kxg6 41. b4) 34... Rb5 35. Rf7 {Rf5+ would kill now.} Bxa3 36. Rf5+ {[%mdl 64] [#] Double Attack. White mates.} Kh4 37. Rh6+ Kg3 38. Rg5+ Kf4 39. Rg4# {Weighted Error Value: White=0.06/Black=0.72} 1-0

[Event "FIDE Online-ch U18 Open 2020"]
[Site "Online"]
[Date "2020.12.19"]
[Round "2.1"]
[White "Wang, Justin"]
[Black "Nihal Sarin"]
[Result "1/2-1/2"]
[WhiteElo "2447"]
[BlackElo "2620"]
[Annotator "TA"]
[PlyCount "135"]
[EventDate "2020.12.19"]
[EventType "k.o."]
[EventCountry "NET"]
[SourceTitle "playchess.com"]
[Source "ChessBase"]
[SourceQuality "1"]

{[%evp 17,135,0,0,0,0,0,0,0,0,0,0,0,0,0,0,0,0,0,0,0,0,0,6,-4,0,-11,-18,-30,-38,-28,-32,-133,-88,-208,-76,-87,-75,-115,-117,-117,-125,-355,-122,-349,-335,-340,0,0,0,0,0,0,0,7,172,180,135,80,80,80,80,22,22,15,15,0,23,8,6,7,12,0,0,0,0,0,0,0,0,0,0,0,0,0,0,0,0,0,0,0,0,0,0,0,0,0,0,0,11,0,0,0,0,0,0,0,0,0,0,0,0,0,4,5,5,0,12,0,12,0]} 1. e4 e5 2. Nf3 Nc6 3. Bc4 Bc5 4. c3 Nf6 5. d4 exd4 6. e5 d5 7. Bb5 Ne4 8. cxd4 Bb6 9. Nc3 O-O 10. Be3 {C54: Giuoco Piano: 4 c3 Nf6, main lines with 5 d4 and 5 d3.} Bg4 11. Qc2 Nxc3 12. bxc3 f6 13. exf6 Qxf6 14. Be2 {[#]} Na5 $146 {[%cal Bc6a5,Ba5c4,Bc4d6,Bd6e4][%mdl 32]} ({Predecessor:} 14... Bxf3 15. Bxf3 Ne7 16. O-O c6 17. Rae1 Nf5 18. Bg4 Nd6 19. f3 Rae8 20. Bf2 Ba5 21. Rxe8 Rxe8 {½-½ (28) Pavasovic,D (2601)-Meszaros,T (2437) Austria 2008}) 15. Ne5 Bxe2 16. Qxe2 Qe6 17. O-O Rae8 18. Rab1 c6 19. f4 Nc4 20. g3 Nd6 21. g4 Ne4 22. f5 Qe7 23. Rb3 c5 24. Qb5 (24. Qf3 $15) 24... Kh8 {...Nxc3! is the strong threat.} 25. Rf3 {[#]} (25. Qd7 $17 {was necessary.}) 25... Qh4 (25... Nxc3 $1 $19 {[%mdl 512] is more deadly.} 26. Qf1 (26. Rxc3 $2 cxd4 27. Qxb6 {[%mdl 64] Remove Defender} axb6 $19) 26... Ne4 27. dxc5 Bxc5) 26. Qf1 $17 cxd4 $1 {[#]} 27. Ng6+ $1 {[%mdl 512]} hxg6 28. Rh3 {[#]} dxe3 $1 {[%mdl 512]} 29. Rxh4+ Kg8 {aiming for ...e2+.} 30. Rxb6 $2 (30. Qe2 $17) 30... axb6 $19 31. Qd3 {[#]} Nf6 $2 (31... Ng5 $1 $19 32. Qxd5+ {[%mdl 64] Double Attack} Nf7) 32. Kf1 $36 {[%mdl 2048] White has some pressure.} g5 33. Rh3 e2+ 34. Ke1 {Black must now prevent c4.} Re4 35. Re3 {Threatens to win with Rxe4.} Rfe8 $2 (35... Rxg4 $11 {and Black stays safe.} 36. Qb5 (36. Rxe2 Rc8 $11) (36. Qxe2 Rg1+ 37. Kf2 Ra1 $11) 36... Rg1+ 37. Kxe2 Ra8) 36. Rxe4 $18 Rxe4 {[%mdl 4096] Endgame [#] KQ-KRN} 37. h4 (37. h3 $142 $1) 37... Rxg4 $16 38. hxg5 Rxg5 39. Kxe2 ({White should play} 39. Qe3 $16 Ne4 40. Qxb6) 39... Rg2+ $11 40. Kf3 Rxa2 41. Qe3 Ra3 42. Qe6+ Kh7 {The position is equal.} 43. Qe5 Ra2 44. Qc7 Rc2 45. Qe5 b5 46. Qd4 Rb2 47. Qh4+ Kg8 48. Qf4 Rc2 49. Qb8+ Kh7 50. Qe5 Rd2 51. Qc7 Rd3+ 52. Ke2 Rh3 53. Kf2 Ne4+ 54. Kg2 Rg3+ 55. Kh1 Rh3+ 56. Kg2 Rg3+ 57. Kh1 Nf2+ 58. Kh2 Rg5 59. Qxb7 Rxf5 60. Qxb5 Ne4 61. Qd3 Rh5+ 62. Kg2 Rg5+ 63. Kh2 Kh6 64. c4 Rh5+ 65. Kg2 Rg5+ 66. Kh2 Rh5+ 67. Kg2 Rg5+ 68. Kh2 {Never resign too early! Accuracy: White = 82%, Black = 87%.} 1/2-1/2

[Event "FIDE Online-ch U18 Open 2020"]
[Site "Online"]
[Date "2020.12.19"]
[Round "2.1"]
[White "Hepler Ramirez, Narayana"]
[Black "Sonis, Francesco"]
[Result "1-0"]
[WhiteElo "2117"]
[BlackElo "2483"]
[Annotator "TA"]
[PlyCount "95"]
[EventDate "2020.12.19"]
[EventType "k.o."]
[EventCountry "NET"]
[SourceTitle "playchess.com"]
[Source "ChessBase"]
[SourceQuality "1"]

{[%evp 13,95,-42,-28,-31,-13,-23,12,8,1,1,18,0,15,15,13,14,15,9,12,20,75,72,129,124,117,76,77,81,115,75,87,72,61,13,74,56,72,77,71,59,63,0,0,0,67,45,310,181,920,909,903,880,1144,1136,1543,811,760,556,821,818,1012,1032,1311,616,565,548,731,724,662,517,810,816,1013,990,986,991,908,1079,29981,29982,29995,29996,29997,29998]} 1. d4 Nf6 2. c4 e6 3. Nc3 Bb4 4. f3 c5 5. a3 Bxc3+ 6. bxc3 Nc6 7. e4 d6 8. Nh3 {E24: Nimzo-Indian: Sämisch: Unusual Black 5th moves and 5...c5 sidelines.} e5 {[%cal Rc5d4]} 9. d5 {[#]} Na5 $146 (9... Bxh3 $5 10. dxc6 (10. gxh3 Ne7 $15) 10... Bc8 $11) ({Predecessor:} 9... Bxh3 10. dxc6 Bc8 11. Qd3 h6 12. cxb7 Bxb7 13. Be3 Qc7 14. Rd1 Rd8 15. Kf2 Ng8 {½-½ (28) Moiseev,S (2462)-Piacun,E (2365) ICCF email 2018}) 10. Nf2 {The position is equal.} b6 11. Bd3 Qd7 12. Qe2 Ba6 13. Nd1 Nh5 14. g3 $1 Qh3 15. Nf2 Qd7 16. O-O O-O-O (16... Nf6 $11 {remains equal.}) 17. f4 $1 $16 g6 (17... Nf6 $142) 18. fxe5 dxe5 19. Rb1 f6 20. Ng4 Rhf8 21. Be3 Rde8 22. Rf2 f5 23. Rbf1 (23. Bh6 $5 {[%cal Rh6f8]} Nf6 24. Ne3 $16 (24. exf5 e4 $15) (24. Bxf8 Nxg4 25. Bxc5 bxc5 $11)) 23... Rh8 (23... Nf6 $1 $11 {keeps the balance.} 24. Nxf6 (24. exf5 e4 $11) 24... Rxf6) 24. Nh6 $1 $36 {[%mdl 2048] White is more active.} ({Of course not} 24. exf5 e4 $11) 24... fxe4 25. Bxe4 {Threatens to win with Rf7.} Bxc4 {[%mdl 64] Double Attack} 26. Bd3 $1 {[%cal Rd3c4]} Bxd5 27. Ba6+ (27. Rd1 $14 Qe6 28. Nf7) 27... Kb8 $11 28. Nf7 {[#]} Rhg8 (28... Nxg3 $1 $11 {[%mdl 512]} 29. hxg3 Qh3) 29. Rd1 $1 $14 {Black must now prevent Qd2.} Rgf8 $2 {[%mdl 8192] [#] This move loses the game for Black.} (29... Qe6 $1 $14) 30. Bb5 (30. Nxe5 $142 $1 {[%mdl 512]} Qe6 (30... Rxe5 31. Rxf8+) 31. Rxf8 Rxf8 32. c4) 30... Qb7 $2 ({Reject} 30... Nc6 31. c4 $18) (30... Qe6) 31. Bxe8 $18 Rxe8 32. Nd6 {[%mdl 64] Double Attack} Qc6 33. Nxe8 Bc4 34. Qg4 {Nd6 is the strong threat.} Qxe8 35. Bg5 Be6 36. Qe4 {aiming for Rd8+.} Nc6 37. Rd6 Kc7 {[#]} 38. Rfd2 (38. Rf8 $142 $3 {[%mdl 512]} Kxd6 (38... Qxf8 39. Qxc6+) 39. Rxe8) 38... Bf5 39. Qa4 Bc8 40. Rd8 {[%cal Bd6d8,Bd8f8,Bf8h8,Bh8h7][%mdl 32]} Qe6 41. Rf8 e4 (41... Ng7 $142 42. Qe4 Ne8) 42. Rh8 e3 43. Rxh7+ Kb8 44. Re2 Qd5 45. Bxe3 {And now Bf4+ would win.} a6 46. Bf4+ {White mates.} Ka8 {[#]} 47. Re8 $1 Na7 {[#]} 48. Rxc8+ $1 {[%mdl 64] Remove Defender.  Weighted Error Value: White=0.34/Black=0.64} 1-0

[Event "FIDE Online-ch U18 Open 2020"]
[Site "Online"]
[Date "2020.12.19"]
[Round "2.2"]
[White "Nihal Sarin"]
[Black "Wang, Justin"]
[Result "1-0"]
[WhiteElo "2620"]
[BlackElo "2447"]
[Annotator "TA"]
[PlyCount "239"]
[EventDate "2020.12.19"]
[EventType "k.o."]
[EventCountry "NET"]
[SourceTitle "playchess.com"]
[Source "ChessBase"]
[SourceQuality "1"]

{[%evp 9,239,6,8,0,0,0,0,-1,-1,0,5,-7,-7,-7,-7,-7,0,0,0,0,0,0,12,0,16,8,8,10,13,12,12,4,22,0,20,26,10,0,0,0,0,0,0,-25,26,39,40,0,0,-10,54,60,99,97,102,58,58,58,58,58,58,58,61,64,79,58,100,58,69,69,74,71,73,60,72,18,18,18,53,18,185,181,179,179,179,18,18,18,18,18,18,18,18,18,18,0,18,17,22,0,27,8,13,19,39,0,0,0,0,0,0,0,0,0,0,0,0,0,0,0,0,0,0,0,0,0,0,0,0,0,0,0,0,0,0,0,0,0,0,0,0,0,0,0,0,0,0,0,0,0,5,5,5,8,12,12,195,224,195,224,182,239,230,168,235,239,151,239,246,173,229,239,193,8,19,0,145,0,0,0,0,0,687,0,0,0,0,0,0,0,8,8,8,0,34,34,34,34,34,0,0,0,0,0,0,0,0,0,0,0,34,0,34,34,1128,36,72,0,73,80,29966,29969,29981,29982,29982,29983,29983,29984,29984,29985,29985,29986]} 1. Nf3 Nf6 2. c4 e6 3. Nc3 d5 4. e3 Nbd7 5. b3 b6 6. cxd5 {A17: English Opening: 1...Nf6 with ...Bb4.} exd5 {[#]} 7. Bb5 $146 ({Predecessor:} 7. g3 Bb7 8. Bg2 g6 9. O-O Bg7 10. Ba3 c5 11. b4 O-O 12. bxc5 bxc5 13. Rc1 {½-½ (70) Dubov,D (2696)-Yu,Y (2760) Liaocheng 2018}) 7... Bb7 $1 8. Ne5 {The position is equal.} Qc8 9. Nxd7 Nxd7 10. O-O c6 11. Be2 Bd6 12. Bb2 O-O 13. Rc1 Qd8 14. Re1 f5 15. g3 Nf6 16. Bf3 Qe7 17. Ne2 Rac8 18. Rc2 Bb4 19. Qc1 Ne4 20. a3 Bd6 21. b4 a5 22. bxa5 bxa5 23. d3 Nc5 24. Qd2 Nb3 $1 {[%cal Rb3d2]} 25. Qc3 a4 26. Nf4 {[%cal Be2f4,Bf4e6,Be6d4][%mdl 32]} Bxa3 ({Black should play} 26... Ba6) 27. Bxa3 $11 Qxa3 {[#]} 28. Ne6 $1 {[%csl Ge6][%cal Rc3g7][%mdl 512]} Rf6 29. Nd4 Rb8 (29... c5 $11 30. Nb5 Qb4 31. Qxb4 cxb4 32. Bxd5+ Bxd5 33. Rxc8+ Rf8) 30. Rb1 $14 {[%cal Rd4b3]} Ba8 31. Rcb2 Qb4 32. Qxb4 (32. Qc2 {looks sharper.} Qe7 33. Nxb3 axb3 34. Rxb3 Rxb3 35. Qxb3 Rf7 36. Ra1) 32... Rxb4 33. Nxb3 axb3 34. Rxb3 Rxb3 35. Rxb3 $16 {[%mdl 4096] Endgame KRB-KRB} Rf8 36. d4 Kf7 37. h4 g6 38. Rb6 Ke7 39. Ra6 Bb7 40. Ra7 Rb8 41. Be2 Kd6 42. Ba6 (42. h5 $16) 42... Bxa6 $11 43. Rxa6 {KR-KR} Rb7 44. Kg2 h6 $2 (44... h5 $11 {and Black stays safe.}) 45. Ra8 $1 $18 Ke6 46. Rc8 Rb6 {[#]} 47. Rh8 $2 (47. h5 $1 $18 {[%mdl 512]}) 47... h5 $11 48. Rc8 Kf6 49. Kf3 Ra6 50. Kf4 Rb6 $1 51. Rf8+ Ke7 $1 {[%cal Re7f8]} 52. Rc8 Kf6 $1 53. f3 Ra6 $1 54. Rb8 Ra1 55. Rf8+ Ke7 $1 {[%cal Re7f8]} 56. Rc8 Rc1 $1 57. Ke5 Rc3 $1 58. Kf4 Kf6 59. Rf8+ Ke7 60. Ra8 Kf6 61. Rc8 {Cut Off at move 61} Rc1 62. Rd8 Ke7 63. Rh8 Kf6 64. Rf8+ Ke7 65. Rb8 Kf6 66. Rb2 Rc3 67. Ra2 Rc1 68. Rb2 Rc3 69. Rb7 Rc1 70. Rd7 Ke6 71. Rd8 Ke7 72. Rh8 Kf6 73. Rh7 Rc3 74. Rc7 Rc1 75. Rd7 Ke6 76. Ra7 Kf6 77. Ra5 {Black must now prevent Rc5.} Ke6 78. Kg5 Rg1 79. Rc5 Kd6 80. Kf4 Rf1 81. Rc2 Rg1 82. Ra2 {next Ra7 is good for White.} Rf1 $2 (82... Rc1 $1 $11 {and Black is okay.}) 83. Ra7 $1 $18 {[%cal Ra7g7] Strongly threatening Rg7.} Ke6 84. Rc7 $1 Rc1 85. Kg5 $1 Rc3 86. Kxg6 Rxe3 87. Rxc6+ ({Not} 87. Kxh5 Kd6 $14) 87... Kd7 {[#]} 88. Rf6 $1 {[%cal Rf6f5]} Rxf3 89. Rxf5 Rxg3+ 90. Kxh5 Ke6 91. Rf4 $2 (91. Re5+ $18 Kd6 92. Rg5) 91... Rg1 92. Kh6 Re1 {[#]} (92... Rg2 $11 {keeps the balance.}) 93. h5 ({White should try} 93. Kg5 $1 $16) 93... Rg1 $1 $11 94. Kh7 Rg5 95. h6 Ke7 $2 {[%mdl 8192]} (95... Rg1 $11) 96. Kh8 $2 (96. Rf3 $18 Rg4 97. Rf5) 96... Rg6 97. h7 Rg1 98. Rf5 Ke6 $1 99. Rf8 {Threatens to win with Rg8.} Rb1 100. Rf2 Rg1 $1 101. Rf8 {Rg8 is the strong threat.} Rb1 102. Rf3 Rg1 $1 103. Re3+ Kf7 104. Re5 Ra1 {( -> ...Ra8+)} 105. Rg5 Ra4 106. Rg4 {aiming for Rf4+.} Ra8+ $1 107. Rg8 Ra4 108. Rg7+ Kf6 109. Rg4 {Hoping for Rf4+.} Ra8+ 110. Rg8 Ra1 111. Rf8+ Ke7 $2 {[%mdl 8192]} (111... Ke6 $14) 112. Rf2 $2 (112. Rf5 $18 Rg1 113. Rxd5) 112... Rg1 $1 $14 113. Rf5 Ke6 $1 114. Re5+ Kd6 $2 {[%mdl 8192]} (114... Kf6 $16) 115. Re8 {White mates.} Rb1 116. Kg7 Rg1+ 117. Kf6 Rf1+ 118. Kg5 Rg1+ 119. Kf4 Rf1+ 120. Kg3 {Weighted Error Value: White=0.12/Black=0.14} 1-0

[Event "FIDE Online-ch U18 Open 2020"]
[Site "Online"]
[Date "2020.12.19"]
[Round "2.2"]
[White "Sargsyan, Shant"]
[Black "Iniyan, P."]
[Result "1-0"]
[WhiteElo "2596"]
[BlackElo "2506"]
[Annotator "TA"]
[PlyCount "95"]
[EventDate "2020.12.19"]
[EventType "k.o."]
[EventCountry "NET"]
[SourceTitle "playchess.com"]
[Source "ChessBase"]
[SourceQuality "1"]

{[%evp 15,94,47,41,50,44,30,42,27,49,27,30,12,42,-17,-17,-5,30,16,4,0,0,-14,-16,-36,-45,-43,-30,-71,-71,-62,-64,-113,-43,-40,-21,-30,-8,-27,0,0,0,0,0,0,0,0,0,0,35,27,32,16,19,16,22,10,9,10,12,14,22,0,0,0,0,0,0,0,0,0,0,-3,-4,-5,-4,-56,-56,-56,-47,-50,29999]} 1. d4 Nf6 2. c4 e6 3. Nf3 b6 4. g3 Ba6 5. b3 b5 6. cxb5 Bxb5 7. Bg2 Bc6 8. O-O a5 9. Bg5 {E15: Queen's Indian: 4 g3 sidelines, 4 g3 Ba6 and 4 g3 Bb7 early deviations.} Be7 10. Bxf6 Bxf6 11. Nc3 {White is slightly better.} d5 {[#]} 12. Re1 $146 ({Predecessor:} 12. Qc2 O-O 13. Rfd1 Ra6 14. Rac1 Qd6 15. Bf1 Rb6 16. e4 dxe4 17. Nxe4 Bxe4 18. Qxe4 {½-½ (44) Tunik,G (2440)-Ivanov,T (2370) Pardubice 1996}) 12... O-O 13. e4 dxe4 14. Nxe4 ({Better is} 14. Ne5 $14) 14... Bxe4 $11 15. Rxe4 c5 16. Rc1 cxd4 17. Nxd4 Ra7 {[%cal Ba8a7,Ba7d7,Bd7d3][%mdl 32] [#] Strongly threatening ...Rd7.} 18. Nb5 Rd7 19. Qe1 Na6 {[%cal Bb8a6,Ba6b4,Bb4d3][%mdl 32]} 20. Bf1 Nb4 21. a3 Nd3 22. Bxd3 Rxd3 23. b4 a4 (23... Qd7 $17 24. a4 Bg5) 24. Rec4 $15 Bb2 25. Rb1 $1 Qd5 26. Qe4 $1 ({Much weaker is} 26. Rc5 Qf3 $17) 26... Bxa3 (26... Qxe4 {with more complications.} 27. Rxe4 Bf6 28. Re3 Rd2 29. Nc3 Bd4) 27. Qxd5 exd5 28. Rc3 Rxc3 29. Nxc3 $11 {[%mdl 4096] Endgame Threatens to win with Nb5. KRB-KRN} Rb8 30. b5 d4 31. Nxa4 Kf8 32. Kf1 Ke7 33. Ke2 Ke6 34. Kd3 Kd5 35. b6 Kc6 36. Ra1 Bd6 37. Kxd4 Ra8 38. Kc4 Ra5 39. Ra2 Bc5 40. b7 Ba7 41. f4 Kxb7 42. Kb4 Rd5 43. Re2 Kc6 44. Nc3 Rd7 45. Nb5 ({White should try} 45. Ne4 $11) 45... Rb7 $15 46. Rc2+ Kd5 47. Rd2+ Kc6 $2 {[%mdl 8192] [#]} (47... Ke4 $15) 48. Rd6# {Weighted Error Value: White=0.12/Black=0.27} 1-0

[Event "FIDE Online-ch U18 Open 2020"]
[Site "Online"]
[Date "2020.12.19"]
[Round "2.2"]
[White "Sonis, Francesco"]
[Black "Hepler Ramirez, Narayana"]
[Result "0-1"]
[WhiteElo "2483"]
[BlackElo "2117"]
[Annotator "TA"]
[PlyCount "106"]
[EventDate "2020.12.19"]
[EventType "k.o."]
[EventCountry "NET"]
[SourceTitle "playchess.com"]
[Source "ChessBase"]
[SourceQuality "1"]

{[%evp 13,105,12,11,10,32,35,59,4,18,19,63,0,62,20,23,14,50,37,58,41,33,33,39,25,17,17,17,17,22,14,16,23,81,83,73,65,75,75,103,107,92,29,112,51,57,40,32,0,0,-1,0,0,34,0,0,0,0,0,0,0,0,0,0,-129,-138,-149,-143,-139,-81,-81,-81,-81,-81,-75,-16,-82,-82,-82,0,-89,0,-82,0,-71,0,-82,-16,-96,-77,-29984,-29985,-29998,-29999,-29999]} 1. Nf3 Nf6 2. g3 g6 3. Bg2 Bg7 4. O-O O-O 5. b3 Ne4 6. d4 c5 7. Bb2 d5 8. Qc1 {A05: Réti Opening: 1 Nf3 Nf6.} Nc6 {[%cal Rc5d4]} 9. dxc5 Nxc5 10. Bxg7 (10. Rd1 $14) 10... Kxg7 $11 {[#]} 11. Qb2+ $146 ({Predecessor:} 11. Rd1 e6 12. c4 Qf6 13. cxd5 exd5 14. Nc3 Be6 15. Nxd5 Bxd5 16. Qxc5 Rad8 17. Rac1 Bxf3 18. Bxf3 {1-0 (26) Czebe,A (2436)-Yee,S (2263) Hanoi 2018}) 11... Kg8 12. Nd4 (12. Rd1 $14) 12... Qc7 (12... Qb6 $11) 13. Nxc6 bxc6 14. c4 Bb7 15. Nd2 e5 16. cxd5 cxd5 17. Rac1 {aiming for b4.} Qe7 18. Qa3 Rfc8 19. Nb1 Qf8 20. Rfd1 e4 21. Nc3 Ne6 $1 22. Qb2 Rc5 (22... Qg7 $11) 23. b4 $16 Rc4 24. Nxd5 Bxd5 25. Rxd5 Rxc1+ 26. Qxc1 Qxb4 27. h4 (27. Re5 $16) 27... h5 (27... Rb8 $11) 28. Kh2 (28. a3 $16 Qa4 29. Qe3) 28... Rb8 $14 29. Qe3 Qb6 $1 30. Qxe4 Qxf2 31. Qe5 Rb1 32. Rd7 Qg1+ 33. Kh3 Qf2 34. Re7 {Hoping for Re8+.} Kf8 $40 {[%mdl 128] Black has some attack.} 35. Qd6 Qf5+ {[#]} 36. Kh2 $1 {[%mdl 512] White wants to mate with Rxe6+.} Kg7 37. Rxa7 Rb2 ({Of course not} 37... Qf2 38. Qe5+ Qf6 39. Qxf6+ Kxf6 40. Bf3 $16) 38. Qd1 (38. Qd3 $11) 38... Qf2 $1 $17 {[%csl LRa7,LRe2][%mdl 64] Double Attack} 39. Qg1 Qxe2 40. Ra3 Rxa2 (40... Rd2 $142 {White must now prevent ...Nd4.} 41. Re3 Qc4) 41. Rxa2 Qxa2 42. Qe3 Qb2 43. Kh3 Qd4 (43... Nf8 $17) 44. Qe1 (44. Qxd4+ $11 Nxd4 45. g4) 44... Qf6 45. Qe3 Qd4 (45... Nd4 $17) 46. Qc1 (46. Qe1 $11 {remains equal.}) 46... Qf6 (46... Nc5 $17 47. Qf4 Qxf4 48. gxf4 Kf6) 47. Qc4 (47. Qe3 $11 {was the only way to keep the balance.}) 47... Qd4 ({Black should try} 47... Nd4 $17) 48. Qc6 (48. Qc1 $11) 48... Qf6 ({Better is} 48... Qg4+ $17 49. Kh2 Qd4) 49. Bd5 (49. Qc4 $1 $11) 49... Nd4 (49... Qf1+ $17 50. Bg2 Qf5+ 51. Kh2 Nd4) 50. Qb7 (50. Qxf6+ $11 Kxf6 51. g4) 50... Nf5 51. Kg2 $2 {[%mdl 8192] [#]} (51. Qb3 $17) 51... Ne3+ {Black mates.} 52. Kh1 Qf1+ 53. Kh2 Ng4# {Weighted Error Value: White=0.46/Black=0.29} 0-1

[Event "FIDE Online-ch U18 Open 2020"]
[Site "Online"]
[Date "2020.12.19"]
[Round "2.2"]
[White "Gholami Orimi, Mahdi"]
[Black "Esipenko, Andrey"]
[Result "1/2-1/2"]
[WhiteElo "2428"]
[BlackElo "2683"]
[Annotator "TA"]
[PlyCount "138"]
[EventDate "2020.12.19"]
[EventType "k.o."]
[EventCountry "NET"]
[SourceTitle "playchess.com"]
[Source "ChessBase"]
[SourceQuality "1"]

{[%evp 13,138,3,16,11,14,0,15,-40,11,0,0,-1,0,0,7,0,7,7,1,2,0,0,15,0,15,16,40,0,0,0,0,0,6,-59,-59,-45,-46,-46,18,16,40,0,65,8,20,-44,-37,-49,-61,-48,-42,-55,-41,-107,-95,-95,-95,-94,-81,-116,-122,-108,-106,-132,-124,-135,-112,-139,-139,-139,-139,-139,-139,-139,-139,-139,-139,-158,-172,-172,-117,-194,-131,-182,-192,-193,-19,-28,-15,-15,-15,-16,-10,-10,-10,-10,-8,-14,-16,-20,-20,-29,-29,-29,-29,-29,-29,-29,-29,-35,-29,-35,0,-35,141,141,141,141,324,324,324,324,324,324,324,324,324]} 1. d4 Nf6 2. c4 e6 3. g3 Bb4+ 4. Nd2 O-O 5. a3 Be7 6. Bg2 d5 7. Ngf3 b6 8. O-O {E11: Bogo-Indian.} Bb7 9. Ne5 c5 {[#] is the legacy move (9...Nbd7).} 10. Ndf3 $146 ({White should play} 10. dxc5 $11 bxc5 11. cxd5 exd5 12. b4) ({Predecessor:} 10. dxc5 bxc5 11. cxd5 exd5 12. b3 a5 13. Bb2 a4 14. bxa4 Nbd7 15. Ndc4 Nxe5 16. Bxe5 {½-½ (69) Swapnil,S (2534)-Jumabayev,R (2611) Moscow 2017}) 10... Ne4 (10... dxc4 $15 11. dxc5 Qc7) 11. cxd5 exd5 12. Be3 Na6 {[%cal Bb8a6,Ba6c5,Bc5e6][%mdl 32]} 13. Nd2 Nf6 14. Qa4 cxd4 15. Bxd4 Nc5 16. Qd1 Ne6 17. Ndf3 Ne4 18. Rc1 Qe8 19. Nd3 Rd8 20. Nf4 Nxf4 21. gxf4 Bc8 22. Ne5 Rd6 23. f3 (23. b4 $11) 23... Nc5 $1 $15 24. Bxc5 bxc5 25. Rxc5 f6 ({Black should try} 25... Ba6 $15) 26. Rxd5 $11 Re6 27. Nc4 Bb7 (27... Ba6 $11 28. Qd3 Rxe2) 28. e4 (28. Ra5 $14) 28... Bxd5 29. Qxd5 (29. exd5 $11 Re2 30. Bh3 (30. Qxe2 Bc5+ {[%mdl 64] Discovered Attack} 31. Ne3 Bxe3+ 32. Kh1 Bxf4 $11)) 29... Kh8 $15 30. Kh1 Rc6 31. Ne3 Qc8 32. Bh3 $1 {[%cal Rh3c8]} Qc7 33. Qd7 (33. Qd3 $15) 33... Qxd7 34. Bxd7 Rd6 35. Ba4 Rd4 36. b4 {next Nf5 is good for White.} Rd3 37. Nd5 Bd6 38. Bc6 Rxa3 39. Kg2 a6 40. b5 axb5 41. Bxb5 Rb8 42. Bd7 Rb2+ 43. Rf2 Rxf2+ 44. Kxf2 $17 {[%mdl 4096] Endgame KRB-KBN} g5 45. fxg5 fxg5 46. h3 {[#]} Kg7 (46... h5 $1 $19 47. Be8 h4) 47. Ke2 (47. Bg4 $17) 47... Ra2+ ({Better is} 47... h5 $19 48. Be6 Ra2+ 49. Ke3 Bb8) 48. Kd3 {[#]} (48. Kd1 $17 {was called for.}) 48... h5 $1 $19 49. Be8 Kh6 $2 (49... Ra3+ $19 50. Kd4 Rxf3 51. Bxh5 Rxh3) 50. Ne3 $1 $11 {[%cal Re3f5] aiming for Nf5+.} Bf4 51. Nf5+ Kh7 {White should prevent ...h4.} 52. Bxh5 Kg8 53. Kd4 Rd2+ 54. Kc4 Rh2 55. Bg4 Kf7 56. Nd4 Kf6 57. Nc6 Rc2+ 58. Kd5 Rd2+ 59. Kc4 Be5 60. Kc5 Bc7 61. Kc4 {Cut Off at move 61} Bh2 62. Kc5 Rd1 63. Kc4 Bd6 $2 {[#]} (63... Rc1+ $15 {stays ahead.} 64. Kd5 Rd1+ 65. Kc4 Rd2) 64. e5+ $1 $16 {[%mdl 576] Decoy} Bxe5 65. Nxe5 Kxe5 $2 (65... Ra1 $16 {might work better.}) 66. f4+ $1 $18 {[%mdl 64] Discovered Attack. White has a decisive advantage.} gxf4 67. Bxd1 f3 68. Bxf3 Kf6 69. h4 Kg7 {[%mdl 32768] White used his chance.  Weighted Error Value: White=0.16/Black=0.17. An unexpected result.} 1/2-1/2